000 00697cab a2200229 4500
001 WB3211-35
008 090401t1996 xxu||||| |||| 00| 0 eng d
035 _a(Sirsi) u50844
041 _aeng
245 _aMesne profits
260 _c1996
350 _a0
490 _aEstates Gazette
_v(9610) 9 March 1996, 158(1)
520 _aDiscusses the meaning of mesne profits as reported in "Ministry of Defence v Ashman" [1993] 2 EGLR 102, and "Inverugie Investments Ltd v Hackett" [1995] 3 All ER 841.
650 _aDAMAGES
650 _aLOSS OF PROFIT
650 _aMESNE PROFITS
650 _aRESTITUTION
690 _aPROPERTY-LANDLORD AND TENANT
942 _n0
948 _c04/03/1997
999 _c31734
_d31734